| 000 | 00657nam a2200217Ia 4500 | ||
|---|---|---|---|
| 008 | 180523s9999 xx 000 0 und d | ||
| 020 | _a0-07-145786-0 | ||
| 050 | _aMAIN KF 1420 | ||
| 050 | _b.Z9J46 2006 | ||
| 100 | _aJensen, Jeffery A. | ||
| 245 | 0 | _aTips and traps when incorparating your business / | |
| 245 | 0 | _cJeffery A. Jensen, Brian Radford, Stephen Bulpitt. | |
| 260 | _aNew York : | ||
| 260 | _bMcGraw-Hill, | ||
| 260 | _c2006 | ||
| 300 | _a242 pages : | ||
| 300 | _c23 cm. | ||
| 500 | _aIncludes index. | ||
| 650 | _aIncorporation -- United States -- Popular works. | ||
| 650 | _xCorporation law -- United States -- Popular works. | ||
| 999 |
_c357302 _d357302 |
||